Wird geladen...

Fish physiology, Vol.15: the fish immune system: organism, pathogen, and environment

Bibliographische Detailangaben
1. Verfasser: Iwama, George, Ed.; Nakanishi, Teruyuki, Ed
Format: Printed Book
Veröffentlicht: Academic Press, London 1996
Schlagworte:
LEADER 00645nam a2200193 4500
020
082 |a R571.17 IWA-F.15 
100 |a Iwama, George, Ed.; Nakanishi, Teruyuki, Ed. 
245 |a Fish physiology, Vol.15: the fish immune system: organism, pathogen, and environment 
250
260 |a Academic Press, London  |c 1996 
300 |a HB+378 
490
500
590 |a A&A Book House  |b AABH132 dtd 12/02/2015 
650 |a Fish physiology-- Physiology of fishes 
942 |c BK 
999 |c 99108  |d 99108 
952 |0 0  |1 0  |4 0  |6 R_571_170000000000000_IWAF_15  |7 0  |9 112576  |a AQU  |b AQU  |l 0  |o R571.17 IWA-F.15  |p AQU05604  |r 2019-09-25  |w 2019-09-25  |y BK